| 000 -LEADER |
| fixed length control field |
00671cam a22002295i 4500 |
| 003 - CONTROL NUMBER IDENTIFIER |
| control field |
OSt |
| 005 - DATE AND TIME OF LATEST TRANSACTION |
| control field |
20240713142405.0 |
| 008 - FIXED-LENGTH DATA ELEMENTS--GENERAL INFORMATION |
| fixed length control field |
230110s2023 mau 000 0 eng |
| 020 ## - INTERNATIONAL STANDARD BOOK NUMBER |
| International Standard Book Number |
9783035626063 |
| Qualifying information |
(hardcover) |
| 042 ## - AUTHENTICATION CODE |
| Authentication code |
pcc |
| 082 ## - DEWEY DECIMAL CLASSIFICATION NUMBER |
| Classification number |
690 |
| 245 00 - TITLE STATEMENT |
| Title |
Mono-material : |
| Remainder of title |
monolithic, homogeneous and circular construction / |
| Statement of responsibility, etc |
Till Boettger, Ulrike Knauer. |
| 250 ## - EDITION STATEMENT |
| Edition statement |
1. |
| 263 ## - PROJECTED PUBLICATION DATE |
| Projected publication date |
1111 |
| 300 ## - PHYSICAL DESCRIPTION |
| Extent |
pages cm |
| 490 ## - SERIES STATEMENT |
| Series statement |
205p; |
| 700 1# - ADDED ENTRY--PERSONAL NAME |
| Personal name |
Boettger, Till, |
| Relator term |
editor. |
| 700 1# - ADDED ENTRY--PERSONAL NAME |
| Personal name |
Knauer, Ulrike, |
| Relator term |
editor. |
| 906 ## - LOCAL DATA ELEMENT F, LDF (RLIN) |
| a |
0 |
| b |
ibc |
| c |
orignew |
| d |
2 |
| e |
epcn |
| f |
20 |
| g |
y-gencatlg |
| 942 ## - ADDED ENTRY ELEMENTS (KOHA) |
| Source of classification or shelving scheme |
|
| 955 ## - COPY-LEVEL INFORMATION (RLIN) |
| Book number/undivided call number, CCAL (RLIN) |
xd06 2023-01-10 |
| Classification number, CCAL (RLIN) |
xn11 2024-02-26 1 copy rec'd., to USASH |